000
00302nam a2200109Ia 4500
008
201231s9999 xx 000 0 und d
100
_a
Hoskin, Michael (Ed.)
245
0
_a
(The) Cambridge Illustrated History of Astronomy
260
_a
Cambridge
_b
Cambridge University Press
300
_a
392
942
_c
BK
999
_c
9380
_d
9380